Fruit and vegetables : Harvesting, handling and storage
The second edition of this very well-received book, which in its first edition was entitled Postharvest Technology of Fruits and Vegetables, has been welcomed by the community of postharvest physiologists and technologists who found the first edition of such great use. The book covers, in comprehens...
Guardado en:
| Autor principal: | |
|---|---|
| Formato: | Libro |
| Lenguaje: | Undetermined |
| Publicado: |
Ames, IA.
Blackwell
2003
|
| Materias: | |
| Etiquetas: |
Agregar Etiqueta
Sin Etiquetas, Sea el primero en etiquetar este registro!
|
| Thư viện lưu trữ: | Trung tâm Học liệu Trường Đại học Cần Thơ |
|---|
| LEADER | 01270nam a2200253Ia 4500 | ||
|---|---|---|---|
| 001 | CTU_98002 | ||
| 008 | 210402s9999 xx 000 0 und d | ||
| 020 | |c 41.17 | ||
| 082 | |a 634.046 | ||
| 082 | |b T468 | ||
| 100 | |a Thompson, A. Keith | ||
| 245 | 0 | |a Fruit and vegetables : | |
| 245 | 0 | |b Harvesting, handling and storage | |
| 245 | 0 | |c A. Keith Thompson | |
| 260 | |a Ames, IA. | ||
| 260 | |b Blackwell | ||
| 260 | |c 2003 | ||
| 520 | |a The second edition of this very well-received book, which in its first edition was entitled Postharvest Technology of Fruits and Vegetables, has been welcomed by the community of postharvest physiologists and technologists who found the first edition of such great use. The book covers, in comprehensive detail, postharvest physiology as it applies to postharvest quality, technology relating to maturity determination, harvesting, packaging, postharvest treatments, controlled atmosphere storage, ripening and transportation on a very wide international range of fruits and vegetables. | ||
| 526 | |a Công nghệ sau thu hoạch | ||
| 526 | |b CN616 | ||
| 650 | |a Fruit,Vegetables | ||
| 650 | |x Postharvest technology,Postharvest technology | ||
| 904 | |i Minh | ||
| 980 | |a Trung tâm Học liệu Trường Đại học Cần Thơ | ||